000 00696nam a2200241Ia 4500
003 OSt
005 20220924141912.0
006 a|||||r|||| 00| 0
007 ta
008 220923b |||||||| |||| 00| 0 ben d
020 _c80
024 _a299736
037 _bM/2008/33, 01/09/2008, Mukta Dhara
_cTextual
040 _aARTS
_cARTS
_bben
041 _2ben
_aben
082 _aT4.275'N, 157N7
100 _aChakraborty Manotosh
_9212680
245 0 _aHindu college-o-unish shataker banglar samaj
260 _c1997
650 _aEDUCATION
942 _hT4.275'N, 157N7
_cTEXL
_2CC
999 _c448654
_d448654